The theory of homogeneous turbulence
Αποθηκεύτηκε σε:
| Κύριος συγγραφέας: | |
|---|---|
| Μορφή: | Βιβλίο |
| Γλώσσα: | English |
| Δημοσίευση: |
Cambridge ; New York :
Cambridge University Press,
1993, c1953
|
| Έκδοση: | Repr. |
| Σειρά: | Cambridge monographs on mechanics and applied mathematics
|
| Θέματα: | |
| Ετικέτες: |
Προσθήκη ετικέτας
Δεν υπάρχουν, Καταχωρήστε ετικέτα πρώτοι!
|
MARC
| LEADER | 00000nam a2200000 i 4500 | ||
|---|---|---|---|
| 001 | 1/73940 | ||
| 008 | 080208s19531993 eng d | ||
| 020 | |a 0-521-04117-1 | ||
| 035 | |l 10094513 | ||
| 040 | |a GR-MY-UA |b gre |e aacr | ||
| 041 | 0 | |a eng | |
| 082 | 0 | |a 532.0527 |2 (22) | |
| 100 | 1 | |a Batchelor, G. K. |q (George Keith) | |
| 245 | 1 | 4 | |a The theory of homogeneous turbulence / |c by G.K. Batchelor |
| 250 | |a Repr. | ||
| 260 | |a Cambridge ; New York : |b Cambridge University Press, |c 1993, c1953 | ||
| 300 | |a xi, 197 σ.; |b εικ.; |c 22 εκ. | ||
| 490 | 1 | |a Cambridge science classics | |
| 500 | |a Originally published: Cambridge : Cambridge University Press, 1953 (Cambridge monogragraphs on mechanics and applied mathematics) | ||
| 504 | |a Περιέχει βιβλιογραφικές παραπομπές (σ. [188]-195) και ευρετήριο | ||
| 650 | 0 | 0 | |a Turbulence. |
| 830 | 0 | |a Cambridge monographs on mechanics and applied mathematics | |
| 852 | |a INST |b SAMOS |e 20080208 |h 532.0527 BAT |p 005300026849 |q 005300026849 |t BK |y 0 | ||
| 901 | |a BIBL3-2008-1 | ||
| 909 | |a Σ |b 142379 | ||
| 922 | |a 3ΕΛΗ |b 200712 |c ΕΠΕΑΕΚ2/ΤΜΗΜΑ ΜΑΘΗΜΑΤΙΚΩΝ |d ΕΛΕΥΘΕΡΟΥΔΑΚΗΣ | ||
| 970 | |a ΡΟΥΣΣΟΥ |b ΚΩΝΣΤΑΝΤΙΝΑ |z 2008/02/08 | ||